ANALYTICAL METHODS:INTERPRETATION, IDENTIFICATION, QUANTIFICATION (Record no. 216518)

MARC details
000 -LEADER
fixed length control field 00595nam a22001697a 4500
008 - FIXED-LENGTH DATA ELEMENTS--GENERAL INFORMATION
fixed length control field 260203b |||||||| |||| 00| 0 eng d
020 ## - INTERNATIONAL STANDARD BOOK NUMBER
International Standard Book Number 978-93-86235-57-2
050 ## - LIBRARY OF CONGRESS CALL NUMBER
Classification number QD 79 .G 67 2018
245 ## - TITLE STATEMENT
Title ANALYTICAL METHODS:INTERPRETATION, IDENTIFICATION, QUANTIFICATION
260 ## - PUBLICATION, DISTRIBUTION, ETC.
Place of publication, distribution, etc. CHENNAI,
Name of publisher, distributor, etc. UNIVERSITIES PRESS (INDIA) PRIVATE LIMITED,
Date of publication, distribution, etc. 2018,
300 ## - PHYSICAL DESCRIPTION
Extent Vii, 588 P, ILL
500 ## - GENERAL NOTE
General note INCLUDES BIBLIOGRAPHICAL REFERENCES AND INDEX
650 ## - SUBJECT ADDED ENTRY
Topical term or geographic name entry element CHEMISTRY, ANALYTIC-METHODOLOGY, CHEMICAL ANALYSIS-QUANTITATIVE
700 ## - ADDED ENTRY--PERSONAL NAME
Personal name VISWANATHAN K S
942 ## - ADDED ENTRY ELEMENTS (KOHA)
Source of classification or shelving scheme Library of Congress Classification
Koha item type Long Loan Book
Holdings
Withdrawn status Lost status Source of classification or shelving scheme Damaged status Not for loan Collection Home library Current library Shelving location Date acquired Inventory number Total checkouts Full call number Barcode Date last seen Copy number Price effective from Koha item type Date last checked out
    Library of Congress Classification     Science & Technology Kisii University Library Kisii University Library On Display 02/03/2026 111674   QD 79 .G 67 2018 50185 02/03/2026 1 02/03/2026 Long Loan Book  
    Library of Congress Classification     Science & Technology Kisii University Library Kisii University Library On Display 02/03/2026 111675   QD 79 .G 67 2018 50149 02/03/2026 2 02/03/2026 Long Loan Book  
    Library of Congress Classification     Science & Technology Kisii University Library Kisii University Library On Display 02/03/2026 111676 1 QD 79 .G 67 2018 50140 03/10/2026 3 02/03/2026 Long Loan Book 02/24/2026
    Library of Congress Classification     Science & Technology Kisii University Library Kisii University Library On Display 02/03/2026 111677   QD 79 .G 67 2018 50210 02/03/2026 4 02/03/2026 Long Loan Book  
    Library of Congress Classification     Science & Technology Kisii University Library Kisii University Library On Display 02/03/2026 111678 1 QD 79 .G 67 2018 50172 04/02/2026 5 02/03/2026 Long Loan Book 03/19/2026
    Library of Congress Classification     Science & Technology Kisii University Library Kisii University Library On Display 02/03/2026 111679   QD 79 .G 67 2018 50173 02/03/2026 6 02/03/2026 Long Loan Book  
    Library of Congress Classification     Science & Technology Kisii University Library Kisii University Library On Display 02/03/2026 111680 1 QD 79 .G 67 2018 50191 04/15/2026 7 02/03/2026 Long Loan Book 04/02/2026
    Library of Congress Classification     Science & Technology Kisii University Library Kisii University Library On Display 02/03/2026 111681   QD 79 .G 67 2018 50189 02/03/2026 8 02/03/2026 Long Loan Book